000 01594nam0a2200361 4500
001 RU\NLR\bibl\1327351
005 20250615162809.0
010 _a978-5-98180-571-4
_9250
021 _aRU
_b2008-100183
_95891
035 _a(NLR Aleph) 001312621
090 _a689160
_c689160
100 _a20081121d2008 |||y0rusy50 ca
101 0 _arus
102 _aRU
105 _aach |||||||||
200 1 _aПредшественница Казанского университета
_e(к 250-летию Первой казанской гимназии)
_fИ.П. Ермолаев, А.И. Ермолаев
_gКазан. гос. ун-т
210 _aКазань
_cИзд-во Казанского государственного университета
_d2008
215 _a307, [2] с., [24] л. ил., факс., портр.
_d21
320 _aБиблиогр.: с. 273-279 и в подстроч. примеч.
320 _aИмен. указ. в конце кн.
601 0 2 _aКазанская мужская гимназия
_xИстория
_92558823
_3RU\NLR\auth\661513738
686 _aЧ33(2Рос){4}
_vLBC/SL
_2rubbk
686 _a14.09
_2rugasnti
686 _aЧ424(28)731.1
700 1 _aЕрмолаев
_bИ. П.
_f1932-
_gИгорь Петрович
_4070
701 1 _aЕрмолаев
_bА. И.
_f1959-
_gАндрей Игоревич
_4070
801 0 _aRU
_bНБ Казанского ГУ
_c20081121
_gRCR
801 1 _aRU
_bНБ Казанского ГУ
_c20081210
_gRCR
801 2 _aRU
_bNLR
_c20090210
_grcr
942 _cBOOK
980 _aNB
980 _aNBR